Plus Grandes Villes de France par Lettre - M - Statistiques

Statistiques générales
  • Ce quiz a été pris 493 fois
  • Le résultat moyen est 10 sur 20
Réponses sur la Carte
Les réponses sont colorées sur une échelle allant du rouge au vert en fonction du pourcentage des utilisateurs qui les ont devinées à leur premier essai. Vous pouvez retrouver ces pourcentages ci-dessous.
 
Statistiques - réponses
Population Ville % Correct
873 076 Marseille
100%
302 454 Montpellier
96%
120 874 Metz
85%
145 004 Le {Mans}
81%
106 341 Mulhouse
81%
61 919 Montauban
63%
75 729 Mérignac
54%
71 437 Mamoudzou
53%
40 399 Montélimar
51%
44 539 Mantes-la-Jolie
50%
42 367 Melun
50%
48 568 Martigues
47%
55 616 Meaux
45%
111 455 Montreuil
43%
50 962 Massy
26%
47 657 Montrouge
25%
46 342 Meudon
24%
39 356 Marcq-en-Barœul
20%
35 882 Meyzieu
14%
58 068 Maisons-Alfort
13%
Aucun quiz correspondant
Distribution des résultats
% des personnes avec chaque résultat
Percentile par nombre de réponses
Votre historique - résultats
Vous n’avez pas pris ce quiz